LEADER 02191nam2 22004093i 450 001 PUV0107382 005 20231121125609.0 020 $aIT$b1907 4917 100 $a20000920d1907 ||||0itac50 ba 101 | $alat$aita 102 $ait 181 1$6z01$ai $bxxxe 182 1$6z01$an 200 1 $a˜6.1: œRelatio translationis corporis sancti Geminiani$e1099-1106$fa cura di Giulio Bertoni$gseguono in appendice: 1. Carmina Mutinensia dal cod. O.I.4 dell'Archivio capitolare; 2. Iscrizioni più antiche del Duomo di Modena; 3. Documento del secolo 10. concernente il Duomo preesistente all'attuale. Offerta annua di un palio a san Geminiano; 4. Miniature del cod. capitolare contenente la Relatio 210 $aCittà di Castello$cLapi$d1907 215 $ae-l, XXIV, 41 p., [2] carte di tav.$cill., facs.$d31 cm 300 $aFront. a p. III 300 $aVol. composto dal fasc. 49 311 $aFasc. 49$9PUV0069656 423 0$12001 $aCarmina mutinensia. - 461 0$1001PUV0069656$12001 $aRerum Italicarum scriptores$eraccolta degli storici italiani dal Cinquecento al Millecinquecento$fordinata da L. A. Muratori$v6 606 $aModena$xDuomo$2FIR$3RMLC069320$9I 606 $aGeminiano $2FIR$3RMLC150252$9I 702 1$aBertoni$b, Giulio$3RAVV029098 801 3$aIT$bIT-01$c20000920 850 $aIT-RM0290 $aIT-RM0459 $aIT-RM0211 $aIT-FR0084 $aIT-RM0151 $aIT-FR0017 899 $aBIBLIOTECA ANGELICA$bRM0290 899 $aARCHIVIO DI STATO DI ROMA$bRM0459 899 $aFondazione Marco Besso$bRM0211 899 $aBiblioteca Del Monumento Nazionale Di Montecassino$bFR0084 899 $aBiblioteca Istituto Storico Italiano Medio Evo - I$bRM0151 899 $aBiblioteca umanistica Giorgio Aprea$bFR0017 $eN 912 $aPUV0107382 950 2$aBiblioteca umanistica Giorgio Aprea$d 52S.L. Rer.Mur.6.1$e 52MAG0000208415 VMN RS $fC $h20120531$i20120531 977 $a 06$a 12$a 14$a 25$a 41$a 52 996 $aRelatio translationis corporis sancti Geminiani$9304651 997 $aUNICAS